Logo BPK

Biblioteka

Politechniki Koszalińskiej

Elektronika w technice motoryzacyjnej / (Rekord nr 17390)

Szczegóły MARC
000 -ETYKIETA REKORDU
podpole kontrolne o stałej długości 00328nam a2200133 i 4500
001 - NUMER KONTROLNY REKORDU
pole kontrolne bg
040 ## - ŹRÓDŁO KATALOGOWANIA
Instytucja, która utworzyła rekord BPK
041 ## - KOD JĘZYKA
Kod języka tekstu pol
008 - POLE O STAŁEJ DŁUGOŚCI - DANE KONTROLNE
podpole kontrolne o stałej długości s pl f |000 0 pol
100 1# - NAZWA OSOBOWA
Nazwa osobowa KONOPIŃSKI, Marian
245 #0 - TYTUŁ/ODPOWIEDZIALNOŚĆ
Tytuł Elektronika w technice motoryzacyjnej /
Pozostałe elementy strefy tytułu i oznaczenia odpowiedzialności Marian Konopiński.
260 ## - STREFA ADRESU WYDAWNICZEGO
Miejsce wydania Warszawa,
Data publikacji, dystrybucji/powstania dokumentu 1977.
856 ## - LOKALIZACJA I DOSTĘP DO ELEKTRONICZNYCH DOKUMENTÓW ZDALNYCH
Link (URL) http://koha.tu.koszalin.pl/cgi-bin/koha/opac-detail.pl?biblionumber=17390
Tekst linku Katalog online BPK
942 ## - DODATKOWE ELEMENTY (KOHA)
Typ dokumentu Książka
Egzemplarze
Wycofany Status egzemplarza Uszkodzony Dostępność Lokalizacja stała Lokalizacja bieżąca Miejsce przechowywania Sygnatura Kod kreskowy Ostatnio wypożyczono Typ dokumentu
      Dostępny Biblioteka Politechniki Koszalińskiej Biblioteka Politechniki Koszalińskiej Wypożyczalnia BG 22143 01680492 15.02.2018 Książka
© 2023 Biblioteka Politechniki Koszalińskiej :: KOHA